000 00733cam a2200229 a 4500
001 000014539
005 20200929163851.0
008 931101s1993 sp 000 0 spa
020 _a8433913719
040 _aDO-SdBNP
_bspa
_cDLC
_dBNPHU
082 _a303.45
_bG463f
100 1 _aGil Calvo, Enrique
_d1946-
_932912
245 1 0 _aFuturo incierto /
_cEnrique Gil Calvo.
260 _aBarcelona, (España) :
_bEditorial Anagrama,
_c1993.
300 _a134 p. ;
_c20 cm.
490 1 _aArgumentos
_v141
650 4 _aDegeneración
_xVida social
_zEspaña
_932913
651 4 _aEspaña
_xDegeneración
_xAspectos Económicos
_y1990-
_932914
830 0 _aArgumentos ;
_v141
_98962
910 _aCatalogación por copia / LC
049 _aBNGR
999 _c14126
_d14126